| 000 | 00607nam a2200229Ia 4500 | ||
|---|---|---|---|
| 003 | OSt | ||
| 005 | 20221007065058.0 | ||
| 006 | a|||||r|||| 00| 0 | ||
| 007 | ta | ||
| 008 | 221006b |||||||| |||| 00| 0 eng d | ||
| 024 | _a23,996 | ||
| 037 | _cTextual | ||
| 040 |
_aFLL _cFLL _beng |
||
| 041 |
_2eng _aeng |
||
| 082 | _aZ2:211:1qN76, L6 | ||
| 100 | _aGupta R.K. | ||
| 245 | 0 | _aLaw relating to ceiling on urban land | |
| 260 |
_aDelhi _bU.K. Bhargava India _c1976 |
||
| 300 |
_a1-131p _ccm. |
||
| 942 |
_hZ2:211:1qN76, L6 _cTEXL _2CC |
||
| 999 |
_c1136226 _d1136226 |
||